Responses for show #5172 - Tuesday, February 20, 2007

Contestants

Brad Haag, an MBA student from Santa Monica, California

Sarah Bruce, a freelance editor from Milford, New Hampshire

Amanda Froning, an elections and voter registration clerk from Wilmington, Delaware (whose 1-day cash winnings total $34,700)

Jeopardy! Round responses

THE BIRD IS THE WORD
UNSEEN TV FACES
IT'S "D" LISH!
BEFORE THE EURO
(Alex: You have to identify the country where the euro replaced each currency.)
ALASKA
AUTHORS' RHYME TIME
    $200 17
blackbird

Brad
    $200 1
Deal or No Deal

Amanda
    $200 3
doughnuts

Brad
    $200 18
Italy

Amanda
    $200 8
Anchorage

Amanda
    $200 10
Snicket's pickets

Amanda
    $400 21
the stork

Brad
    $400 2
Home Improvement

Brad
    $400 4
a danish

Sarah
    $400 19
Greece

Amanda
    $800 9
(Amanda: What is Freedom?)

the Future

Amanda
    $400 11
Rand's bands

Amanda
    $600 22
a vulture

Brad
    $600 13
Charlie

Brad
    $600 5
duck

Sarah
    $600 20
(Sarah: What is Germany?)
(Amanda: What is England?)

Austria

AmandaSarah
Triple Stumper
    $600 26
(Alex: Yes, and British Columbia is the province.)

the Yukon

Brad
    $600 12
(Alex: We're not dealing with Hawthorne here, but [*].)

West's pests

Triple Stumper
    $800 23
quail

Amanda
    $800 15
Steinbrenner

Sarah
    $800 6
divinity

Brad
    $800 27
(Amanda: What are France and Switzerland?)
...
(Alex: Luxembourg is the third.)

France and Belgium

AmandaSarah
    $800 29
a glacier

Brad
    $800 14
Nora's fedoras

Amanda
    $1000 24
sparrow

Sarah
    $1000 16
Carlton

Amanda
    $1000 7
Delmonico

Amanda
    $1000 28
Ireland

Triple Stumper
    $1000 30
Point Barrow

Triple Stumper
    $1000 25
Peter's heaters

Brad

Scores at the first commercial break (after clue 15):

Amanda Sarah Brad
$2,000 $1,800 $2,000

Scores at the end of the Jeopardy! Round:

Amanda Sarah Brad
$3,000 $3,000 $5,600

Double Jeopardy! Round responses

QUOTATIONS
COLLEGE SPORTS TEAM NICKNAMES
"F"EMALES
EXPLORATION
OH MY GODS!
A FEW CHOICE 4-LETTER WORDS
    $400 1
Lolita

Amanda
    $400 8
The Owl

Brad
    $400 2
Ella Fitzgerald

Sarah
    $400 10
meteorites

Sarah
    $400 13
the winds

Sarah
    $400 19
a hilt

Sarah
    $800 7
a cigar

Brad
    $800 9
Seminole

Amanda
    $800 3
(Alex: Senator [*] is correct.)

Dianne Feinstein

Amanda
    $800 11
Captain Cook

Amanda
    $800 24
love

Brad
    $800 20
acme

Brad
    $1200 14
a one-armed man

Amanda
    $1200 16
Blue Hens

Brad
    $1200 4
Margot Fonteyn

Triple Stumper
    $1200 12
(Alex: And that was [*], not the actor.)

Sir Richard Burton

Triple Stumper
    $1,300 25
(Brad: What's a rose?)
...
(Alex: [*]. Sharp little spikes, they hurt too.)

mistletoe

Brad
    $1200 21
a fife

Sarah
    $1600 15
Goethe

Brad
    $3,600 17
The Commodores

Brad
    $1600 5
Fortuna

Sarah
    $1600 26
Brazza

Brad
    $1600 27
Ares

Triple Stumper
    $1600 22
Dada

Sarah
    $2000 30
Kissinger

Amanda
    $2000 18
A Hoya

Brad
    $2000 6
Oriana Fallaci

Triple Stumper
    $2000 29
Bartolomeu Dias

Triple Stumper
    $2000 28
Anubis

Brad
    $2000 23
cede

Amanda

Scores at the end of the Double Jeopardy! Round:

Amanda Sarah Brad
$11,000 $9,000 $19,100

[wagering suggestions for these scores]

Final Jeopardy! Round responses

FILMS OF THE 1950s
(Alex: The important question for you three would have been why. That would have led you to the correct response.)
...
(Alex: It was a great musical called [*] and the reason Prince Albert was there was because his mother, Grace Kelly, was one of the stars along with Bing Crosby & Frank Sinatra.)
SarahWhat is to Catch a Thief?
$8,998
AmandaWhat is
$10,000
BradWhat is A Beutiful Day At
$2,901
High Society

Final scores:

Amanda Sarah Brad
$1,000 $2 $16,199
2nd place: $2,000 3rd place: $1,000 New champion: $16,199

Game dynamics:

Coryat scores:

Amanda Sarah Brad
$11,800 $9,000 $18,400
17 R,
3 W
(including 1 DD)
12 R,
1 W
20 R
(including 1 DD),
1 W
(including 1 DD)

Combined Coryat: $39,200

The J! Archive is created by fans, for fans. The Jeopardy! game show and all elements thereof, including but not limited to copyright and trademark thereto, are the property of Jeopardy Productions, Inc. and are protected under law. This website is not affiliated with, sponsored by, or operated by Jeopardy Productions, Inc. Join the discussion at JBoard.tv.